Statistics for African Geography by Letter - K

Click here to take the quiz!

General Stats

  • This quiz has been taken 436 times
    (357 since last reset)
  • The average score is 10 of 20

Answer Stats

HintAnswer% Correct
Tallest mountain in AfricaKilimanjaro
99%
Country north of TanzaniaKenya
98%
Desert that covers BotswanaKalahari
87%
Capital of RwandaKigali
81%
1974 Ali vs. Foreman fight host cityKinshasa
76%
Biggest city on Lake VictoriaKampala
67%
City where the White Nile and
Blue Nile merge
Khartoum
67%
Ethnic group that live around the Congo's
river delta; think simple now
Kongo
52%
Angolan currency or an
African-American holiday
Kwanza
51%
Biggest city in northern NigeriaKano
50%
Capital of Northern Cape, South Africa
or the extended version of Kim
Kimberley
49%
South Africa's oldest national parkKruger
35%
Ghana's second biggest cityKumasi
27%
World's largest manmade lake;
think of a major sea in W. Hemisphere
Kariba
23%
Type of medina or fortress in North AfricaKasbah
23%
National language of BurundiKirundi
21%
National language of RwandaKinyarwanda
20%
Great Lake that Rwanda bordersKivu
20%
Type of antelope with long, curly hornsKudu
19%
Currency of Malawi and ZambiaKwacha
14%

Score Distribution

Percentile by Number Answered

Percent of People with Each Score

Your Score History

You have not taken this quiz since the last reset